No body no Crime - Taylor Swift - Statistiques

Statistiques générales
  • Ce quiz a été pris 447 fois
  • Le résultat moyen est 248 sur 360
Statistiques - réponses
Réponse % Correct
I
98%
a
94%
it
94%
did
92%
He
92%
he
92%
No
91%
no
91%
She
88%
she
88%
think
87%
me
86%
the
85%
crime
83%
friend
83%
my
83%
of
83%
can't
82%
when
82%
prove
81%
but
80%
mine
80%
just
79%
Este
77%
in
76%
was
75%
and
74%
And
74%
up
72%
every
69%
glass
69%
her
68%
we
68%
sleep
67%
Este's
65%
his
65%
wine
65%
on
64%
Tuesday
64%
die
63%
like
61%
losing
61%
ain't
60%
gonna
60%
meet
59%
there
59%
account
58%
been
58%
infidelity
58%
smells
58%
out
56%
day
55%
him
55%
says
55%
for
54%
our
53%
until
53%
doubt
52%
husband's
51%
That
51%
that
51%
acting
49%
wasn't
49%
I'm
48%
call
47%
Good
47%
night
47%
different
46%
mouth
46%
mistress
45%
thing
45%
diner
41%
joint
41%
merlot
41%
bed
39%
wife
39%
jewelry
38%
to
38%
with
38%
anywhere
37%
at
37%
house
37%
letting
37%
missing
37%
new
37%
or
37%
daddy
36%
report
36%
They
36%
they
36%
brand
35%
Garden
35%
Olive
35%
some
35%
tires
35%
fifteen
34%
job
34%
moved
34%
got
32%
nobody
32%
everything
31%
swear
30%
sleeps
29%
know
28%
catch
27%
cover
27%
get
26%
licence
26%
made
26%
scene
26%
has
25%
sister's
25%
boating
24%
enough
23%
how
23%
policy
23%
thinks
23%
died
22%
noticed
22%
passed
22%
cleaned
21%
truck
21%
dude
20%
gotta
18%
I've
18%
houses
17%
insurance
17%
somebody's
17%
cause
16%
life
16%
big
12%
took
11%
he's
10%
Aucun quiz correspondant
Distribution des résultats
% des personnes avec chaque résultat
Percentile par nombre de réponses
Votre historique - résultats
Vous n’avez pas pris ce quiz